01061cam a2200265 4500001001300000003000400013005001700017008004100034010001700075025002000092040001800112043001200130050000800142082000800150110009400158245021800252260010600470300003900576350000900615500001700624650006100641650003600702710004000738999001700778sa 68012080 DLC20260227112606.0691021s1968 ii ak 000 0 eng  asa 68012080  aPL480:I-E-10318 aDLCcDLCdDLC aa-ii---00aLAW00a3401 aMysore (India : State).bDevelopment, Housing, Panchayatraj, and Co-operation Department.10aManual of elections to panchayats and taluk boards;bextracts of the Mysore village panchayats and local boards act, 1959 (sections 1-23 and 95-107) and the Mysore panchayats and taluk boards election rules, 1959. aBangalore,bPrinted by the Director of Print., Stationery and Publications at the Govt. Press,c1968. aii, 105 p.billus., forms.c21 cm. a1.00 aCover title. 0aLocal governmentxLaw and legislationzIndiazKarnataka. 0aElection lawzIndiazKarnataka.1 aMysore (India : State).tLaws, etc. c84295d84295